| 000 | 00544nam a22001817a 4500 | ||
|---|---|---|---|
| 003 | 0 | ||
| 005 | 20260205115851.0 | ||
| 008 | 260205b xxu||||| |||| 00| 0 eng d | ||
| 020 | _a978-981-09-5028-6 | ||
| 050 |
_aFIC _bPi637 2015 |
||
| 082 |
_aFIC _bPi637 2015 |
||
| 100 | _aPilkey, Dav | ||
| 245 |
_aCaptain underpats and the sensational saga of sir Stinks-a-lot / _cDav Pilkey. |
||
| 260 |
_aSingapore : _bScholastic Singapore, _c2015. |
||
| 300 |
_a205 pages : _billustrations ; _c20 cm. |
||
| 650 | _aChildren's stories. | ||
| 942 |
_2ddc _cBK |
||
| 999 |
_c368807 _d368807 |
||